Culture Générale - Série 1071 - Statistiques

Statistiques générales
  • Ce quiz a été pris 95 fois
  • Le résultat moyen est 7 sur 10
Statistiques - réponses
Question Réponse % Correct
Quel animal cornu est dit "futé", quand il conseille les automobilistes ? bison
100%
Quelle est la plus grosse planète du Système solaire ? Jupiter
94%
En dendrochronologie, que cherche-t-on à connaître d'un arbre, quand on compte les cercles concentriques de son tronc ? son ... âge
93%
De quelle Région française les fest-noz sont-ils des fêtes traditionnelles ? Bretagne
87%
Quel fleuve au nom de félidé rejoint l'Euphrate en Iraq pour former le Chatt al-Arab ? Tigre
87%
Quelle organisation internationale a pour drapeau un planisphère, entouré de deux branches d'olivier de couleur blanche sur fond bleu pâle ? L'ONU
84%
Dans quel pays la bataille de Marignan a-t-elle eu lieu en 1515 ? Italie
83%
Quel nom de famille identique portaient le 26e et le 32e président des États-Unis ? Roosevelt
51%
Quel édifice parisien, inauguré en juillet 1989, l'architecte canadien Carlos Ott a-t-il conçu ? L'Opéra Bastille
7%
Quel nom porte le plan de 1923, destiné à résoudre le problème des réparations dues par l'Allemagne, après la Première Guerre mondiale ? plan Dawes
2%
Aucun quiz correspondant
Distribution des résultats
% des personnes avec chaque résultat
Percentile par nombre de réponses
Votre historique - résultats
Vous n’avez pas pris ce quiz